[Event "GER-ch 68th"]
[Site "Dudweiler"]
[Date "1996.??.??"]
[Round "6"]
[White "Homuth, Manfred"]
[Black "Heidrich, Manfred"]
[Result "0-1"]
[WhiteElo "2275"]
[BlackElo "2340"]
[EventDate "1996.11.26"]
[PlyCount "94"]

1. e4 c5 2. Nc3 Nc6 3. Nge2 e6 4. d4 d5 5. exd5 exd5 6. dxc5 d4 7. Ne4 Bxc5 8. Nxc5 Qa5+ 9. c3 Qxc5 10. Nxd4 Nxd4 11. Qxd4 Qxd4 12. cxd4 Nf6 13. Bg5 Nd5 14. Bc4 Be6 15. O-O f6 16. Rfe1 Kf7 17. Re4 Rac8 18. Bb3 Nc7 19. Bxe6+ Nxe6 20. Bd2 Nc7 21. Re3 Nd5 22. Rb3 b6 23. Rb5 Rhd8 24. Rc1 Rxc1+ 25. Bxc1 Rc8 26. Be3 Ke6 27. Kf1 Rc2 28. a4 Kd6 29. a5 a6 30. Rb3 b5 31. g3 Kc6 32. Ke1 b4 33. Kd1 Rc4 34. Kd2 Kb5 35. Kd3 f5 36. Bd2 g6 37. h4 h5 38. Bg5 Rc6 39. Kd2 Kxa5 40. Kd1 Kb5 41. Rd3 a5 42. Bh6 a4 43. Bf8 Kc4 44. Rd2 Kb3 45. Bc5 Re6 46. Bf8 a3 47. bxa3 Nc3+ 0-1

[Event "GER-ch 68th"]
[Site "Dudweiler"]
[Date "1996.??.??"]
[Round "6"]
[White "Kirschbaum, Gunnar"]
[Black "Zude, Arno"]
[Result "1/2-1/2"]
[WhiteElo "2195"]
[BlackElo "2410"]
[EventDate "1996.11.26"]
[PlyCount "45"]

1. d4 d5 2. c4 e6 3. Nc3 Nf6 4. Bg5 Be7 5. cxd5 exd5 6. e3 c6 7. Qc2 O-O 8. Bd3 Nbd7 9. Nf3 Re8 10. O-O Nf8 11. Rab1 Bg4 12. Ne5 Bh5 13. b4 a6 14. a4 Ng4 15. Bxe7 Qxe7 16. Nxg4 Bxg4 17. b5 axb5 18. axb5 Qg5 19. Ne2 Rac8 20. Ng3 Bd7 21. Bf5 g6 22. Bxd7 Nxd7 23. bxc6 1/2-1/2

[Event "GER-ch 68th"]
[Site "Dudweiler"]
[Date "1996.??.??"]
[Round "6"]
[White "Klein, J."]
[Black "Loehn, Carsten"]
[Result "0-1"]
[WhiteElo "2090"]
[BlackElo "2195"]
[EventDate "1996.11.26"]
[PlyCount "96"]

1. e4 c5 2. Nf3 d6 3. d4 cxd4 4. Qxd4 Bd7 5. c4 Nc6 6. Qd2 Nf6 7. Nc3 a6 8. Be2 e6 9. b3 Qc7 10. O-O Be7 11. Bb2 O-O 12. Rac1 Rfe8 13. Kh1 Rad8 14. Nd4 Qb8 15. f4 Nxd4 16. Qxd4 Bc6 17. Bf3 e5 18. Qd2 exf4 19. Qxf4 Nd7 20. Nd5 Bxd5 21. exd5 Bf6 22. Bxf6 Nxf6 23. b4 b6 24. h3 Re7 25. Rfe1 Qc7 26. Rxe7 Qxe7 27. Qd4 Qa7 28. Re1 Re8 29. Rxe8+ Nxe8 30. Bd1 Nf6 31. a3 Nd7 32. Bc2 Qc7 33. Qh4 Nf6 34. Bd3 a5 35. Qf2 h6 36. Qc2 Nd7 37. Qa4 Qd8 38. Qb5 axb4 39. axb4 g6 40. Bf1 Kg7 41. Kg1 Qe7 42. Qc6 Qe3+ 43. Kh2 Qf4+ 44. Kg1 Qe3+ 45. Kh2 Qf4+ 46. Kg1 Qd4+ 47. Kh2 Ne5 48. Qxd6 Qf4+ 0-1

[Event "GER-ch 68th"]
[Site "Dudweiler"]
[Date "1996.??.??"]
[Round "6"]
[White "Klemm, Dietmar"]
[Black "Haist, Wolfgang"]
[Result "1-0"]
[WhiteElo "2220"]
[BlackElo "2260"]
[EventDate "1996.11.26"]
[PlyCount "89"]

1. d4 Nf6 2. Nf3 g6 3. g3 Bg7 4. Bg2 O-O 5. O-O d6 6. c4 Nbd7 7. Nc3 e5 8. e4 exd4 9. Nxd4 Re8 10. Re1 a6 11. Rb1 Rb8 12. h3 Ne5 13. b3 c5 14. Nc2 Nc6 15. Bb2 b5 16. cxb5 axb5 17. f4 Nh5 18. Kh2 Nd4 19. Nd5 Bb7 20. Bxd4 cxd4 21. Qd3 Qa5 22. b4 Qxa2 23. Nxd4 Bxd5 24. exd5 Qf2 25. Nc2 Nxg3 26. Qxg3 Qxc2 27. Rbc1 Qd2 28. Red1 Qxb4 29. Rc6 Ra8 30. Rd3 Bh6 31. Rf3 Ra3 32. f5 Rxf3 33. Qxf3 Qf4+ 34. Qxf4 Bxf4+ 35. Kg1 Rb8 36. f6 b4 37. Be4 Kf8 38. Bc2 Ke8 39. Ba4 Kd8 40. Bb3 Be5 41. Kg2 Bxf6 42. Rxd6+ Ke7 43. Ra6 Be5 44. Kf3 f5 45. Re6+ 1-0

[Event "GER-ch 68th"]
[Site "Dudweiler"]
[Date "1996.??.??"]
[Round "6"]
[White "Lutz, Christopher"]
[Black "Zeller, Frank"]
[Result "1-0"]
[WhiteElo "2565"]
[BlackElo "2410"]
[EventDate "1996.11.26"]
[PlyCount "71"]

1. e4 c5 2. Nf3 d6 3. d4 cxd4 4. Nxd4 Nf6 5. Nc3 Nc6 6. Bg5 e6 7. Qd2 a6 8. O-O-O Bd7 9. f4 h6 10. Bh4 g5 11. fxg5 Ng4 12. Be2 Nge5 13. Nf3 Be7 14. Rhg1 b5 15. Rdf1 Rg8 16. Bg3 b4 17. Nd1 Nxf3 18. gxf3 Bxg5 19. f4 Be7 20. Bh4 Rh8 21. Bxe7 Kxe7 22. Ne3 Qc7 23. Rd1 Rad8 24. Qe1 Be8 25. Nc4 Rh7 26. Qg3 f6 27. Qg8 Rf7 28. Bh5 d5 29. exd5 Qxf4+ 30. Kb1 Qxc4 31. dxe6 Rxd1+ 32. Rxd1 b3 33. Rd7+ Bxd7 34. Qxf7+ Kd6 35. Qxd7+ Ke5 36. axb3 1-0

[Event "GER-ch 68th"]
[Site "Dudweiler"]
[Date "1996.??.??"]
[Round "6"]
[White "Mainka, Romuald"]
[Black "Kindermann, Stefan"]
[Result "0-1"]
[WhiteElo "2455"]
[BlackElo "2530"]
[EventDate "1996.11.26"]
[PlyCount "176"]

1. e4 e6 2. d4 d5 3. Nc3 Bb4 4. exd5 exd5 5. Bd3 Nc6 6. a3 Bxc3+ 7. bxc3 Nf6 8. Bg5 O-O 9. Ne2 h6 10. Bh4 Na5 11. O-O Qd6 12. Qb1 Ne4 13. Re1 Bd7 14. f3 Ng5 15. Qb4 Nc4 16. Qxd6 Nxd6 17. Bg3 Rfe8 18. Kf2 Nge4+ 19. fxe4 dxe4 20. Bxd6 exd3 21. Bg3 dxe2 22. Rxe2 Rxe2+ 23. Kxe2 Bc6 24. Kf2 Be4 25. Re1 f5 26. Re2 Rd8 27. Ke3 Re8 28. Kd2 Re6 29. Kc1 Rc6 30. Kb2 g5 31. h4 Kf7 32. hxg5 hxg5 33. Be5 Rb6+ 34. Kc1 Rh6 35. Kb2 c6 36. c4 Rh1 37. Kc3 Ke6 38. Bb8 a6 39. g4 Rh3+ 40. Kb4 b6 41. gxf5+ Kxf5 42. Bc7 g4 43. Bxb6 g3 44. d5 cxd5 45. cxd5 Bxd5 46. Bd4 Be4 47. Ka5 g2 48. Kxa6 Rxa3+ 49. Kb5 Ra1 50. Kb4 g1=Q 51. Bxg1 Rxg1 52. Kc3 Ke5 53. Rh2 Rg3+ 54. Kb2 Kd4 55. Rd2+ Kc4 56. Re2 Bg6 57. Rh2 Rg4 58. Rf2 Kb4 59. Rd2 Ka4 60. Rh2 Rb4+ 61. Kc3 Rb8 62. Kd2 Ka3 63. Rg2 Bxc2 64. Rg7 Kb2 65. Rd7 Rh8 66. Rd6 Rh2+ 67. Ke3 Rh1 68. Ke2 Ba4 69. Rd8 Kc3 70. Ke3 Re1+ 71. Kf4 Bc2 72. Rc8+ Kd2 73. Rd8+ Bd3 74. Rd7 Rf1+ 75. Ke5 Ke3 76. Ra7 Rf5+ 77. Ke6 Rh5 78. Ra3 Kd4 79. Ra4+ Bc4+ 80. Kf6 Rh8 81. Ra5 Rf8+ 82. Kg5 Bd5 83. Ra6 Ke5 84. Rb6 Rf1 85. Rb4 Bc6 86. Rc4 Be4 87. Kh6 Kf6 88. Kh5 Rf4 0-1

[Event "GER-ch 68th"]
[Site "Dudweiler"]
[Date "1996.??.??"]
[Round "6"]
[White "Miltner, Arndt"]
[Black "Pirrot, Dieter"]
[Result "1-0"]
[WhiteElo "2330"]
[BlackElo "2415"]
[EventDate "1996.11.26"]
[PlyCount "93"]

1. d4 Nf6 2. Nf3 g6 3. Bf4 Bg7 4. e3 d6 5. h3 O-O 6. Be2 c5 7. c3 Be6 8. Nbd2 Qb6 9. Qc2 cxd4 10. Nxd4 Bd5 11. N4f3 e5 12. Bg5 h6 13. Bxf6 Bxf6 14. e4 Be6 15. Nc4 Qc5 16. Ne3 Nc6 17. O-O Ne7 18. Rfd1 Rac8 19. Rac1 d5 20. b4 Qc6 21. b5 Qc5 22. exd5 Nxd5 23. Nxd5 Bxd5 24. c4 Be6 25. Nd2 Be7 26. Ne4 Qa3 27. Rd3 Qb4 28. Rg3 Bh4 29. Rb3 Qe7 30. g3 Bf6 31. Qd2 Bg7 32. h4 Rfd8 33. Qe3 Rd4 34. c5 Bxb3 35. axb3 f5 36. Nd6 Rxc5 37. Rxc5 Qxd6 38. Rc8+ Kh7 39. Bc4 Bf6 40. h5 e4 41. hxg6+ Kxg6 42. Rg8+ Kh7 43. Qe2 e3 44. Qh5 exf2+ 45. Kxf2 Bg7 46. Rxg7+ Kxg7 47. Qf7+ 1-0

[Event "GER-ch 68th"]
[Site "Dudweiler"]
[Date "1996.??.??"]
[Round "6"]
[White "Mueller, Karsten"]
[Black "Wahls, Matthias"]
[Result "0-1"]
[WhiteElo "2490"]
[BlackElo "2540"]
[EventDate "1996.11.26"]
[PlyCount "156"]

1. d4 Nf6 2. Nf3 d6 3. Bg5 Nbd7 4. Nbd2 h6 5. Bh4 g5 6. Bg3 Nh5 7. e3 Bg7 8. c3 e6 9. Bd3 Qe7 10. Qc2 Nb6 11. O-O-O Bd7 12. e4 Rc8 13. d5 e5 14. Nf1 f5 15. exf5 Nxd5 16. f6 Nhxf6 17. Bg6+ Kf8 18. Qb3 Qe6 19. Qxb7 a5 20. N1d2 Nb6 21. Rhe1 Qxa2 22. Nb1 Nfd5 23. Be4 Ne7 24. Rxd6 cxd6 25. Qxb6 Bc6 26. Bc2 Qd5 27. Na3 a4 28. Rd1 Qe6 29. Qe3 Kf7 30. Qe2 Rhd8 31. Re1 Bd7 32. Nd4 Qf6 33. Ndb5 Rc5 34. Bxa4 Nd5 35. Bb3 Kf8 36. Rd1 Nf4 37. Bxf4 Qxf4+ 38. Kb1 d5 39. g3 Bg4 40. Qe1 Qf5+ 41. Bc2 Qf6 42. Rd2 Rb8 43. Ba4 Qa6 44. b3 Rcxb5 45. Nxb5 Rxb5 46. Bxb5 Qxb5 47. Kb2 d4 48. Qe4 Be6 49. Qf3+ Kg8 50. Qa8+ Kh7 51. Qe4+ Kh8 52. Qa8+ Bg8 53. Qa4 Qf1 54. Qa8 Qe1 55. Kc2 Kh7 56. Qf3 Qa1 57. cxd4 exd4 58. Rd3 Kh8 59. Qf5 Qa8 60. Qf3 Bd5 61. Qd1 Qa2+ 62. Kc1 Qxf2 63. Qh5 Kh7 64. Qg4 Qe1+ 65. Qd1 Qf2 66. Qg4 Qg1+ 67. Qd1 Qxh2 68. Rxd4 Bxd4 69. Qd3+ Kg8 70. Qxd4 Qh1+ 71. Kb2 Qf3 72. Qe5 Qxb3+ 73. Kc1 Qc4+ 74. Kd2 Bf7 75. Qf6 Qd5+ 76. Kc3 Qe6 77. Qd8+ Kg7 78. Kc2 Qb3+ 0-1

[Event "GER-ch 68th"]
[Site "Dudweiler"]
[Date "1996.??.??"]
[Round "6"]
[White "Rabiega, Robert"]
[Black "Schwing, Hans Elmar"]
[Result "1-0"]
[WhiteElo "2475"]
[BlackElo "2245"]
[EventDate "1996.11.26"]
[PlyCount "57"]

1. e4 c5 2. c3 e6 3. d4 d5 4. exd5 exd5 5. Be3 c4 6. b3 cxb3 7. axb3 Bf5 8. Ne2 Bd6 9. Ng3 Bg6 10. Nh5 Qh4 11. Be2 Bxh5 12. Bxh5 Nf6 13. Bf3 O-O 14. h3 Re8 15. O-O Nbd7 16. Nd2 Ne4 17. Bxe4 dxe4 18. Ra5 Qd8 19. Rb5 Qc7 20. Nc4 Bh2+ 21. Kh1 a6 22. Rg5 b5 23. Nd2 Bf4 24. Rg4 Bxe3 25. fxe3 Qxc3 26. Nxe4 Qxe3 27. Nd6 Qe2 28. Qxe2 Rxe2 29. Rxf7 1-0

[Event "GER-ch 68th"]
[Site "Dudweiler"]
[Date "1996.??.??"]
[Round "6"]
[White "Siebrecht, Sebastian"]
[Black "Gisbrecht, Ewgeni"]
[Result "0-1"]
[WhiteElo "2390"]
[BlackElo "2370"]
[EventDate "1996.11.26"]
[PlyCount "80"]

1. e4 c5 2. Nf3 Nf6 3. Nc3 d5 4. e5 Nfd7 5. d4 e6 6. dxc5 Bxc5 7. Bd3 Nc6 8. Qe2 a6 9. O-O Be7 10. Bf4 O-O 11. Qd2 b5 12. Rae1 Nc5 13. Ng5 Nxd3 14. cxd3 b4 15. Na4 Bd7 16. b3 Nd4 17. Nb2 Rc8 18. Rc1 Qa5 19. Qe3 Bc5 20. Na4 Bxa4 21. bxa4 h6 22. Nh3 Bb6 23. Rxc8 Rxc8 24. g4 Rc2 25. Kh1 Rxa2 26. g5 Re2 27. Qg3 b3 28. gxh6 Nf5 29. h7+ Kxh7 30. Ng5+ Kg8 31. Qh3 Re1 32. Qh7+ Kf8 33. Qh5 Rxf1+ 34. Kg2 Rg1+ 35. Kh3 Rxg5 36. Qh8+ Ke7 37. Bxg5+ Kd7 38. Qf8 Bd8 39. Qxf7+ Be7 40. Bxe7 Nxe7 0-1

[Event "GER-ch 68th"]
[Site "Dudweiler"]
[Date "1996.??.??"]
[Round "6"]
[White "Slobodjan, Roman"]
[Black "Schmaltz, Roland"]
[Result "1/2-1/2"]
[WhiteElo "2520"]
[BlackElo "2440"]
[EventDate "1996.11.26"]
[PlyCount "117"]

1. e4 d6 2. d4 Nf6 3. Nc3 Nbd7 4. Nf3 e5 5. Bc4 Be7 6. O-O O-O 7. a4 c6 8. Qe2 exd4 9. Nxd4 Re8 10. Ba2 Bf8 11. Qf3 Ne5 12. Qd1 a5 13. Kh1 Ng6 14. f3 Nh5 15. f4 Nf6 16. Qd3 Ra6 17. Nf3 Be6 18. Bb1 Bc8 19. Ba2 Be6 20. Bxe6 fxe6 21. f5 exf5 22. exf5 Ne5 23. Nxe5 Rxe5 24. Bf4 Re8 25. Rae1 d5 26. Bg5 Ra8 27. Ne2 Re4 28. Nf4 Qe8 29. Ne6 Rxe1 30. Rxe1 Ne4 31. Rf1 Qh5 32. Qf3 Qxf3 33. Rxf3 Re8 34. Be3 Nd6 35. g4 Nc4 36. b3 Ne5 37. Rg3 g6 38. Bb6 gxf5 39. gxf5+ Kf7 40. Ng5+ Kf6 41. Nxh7+ Kxf5 42. Nxf8 Rxf8 43. Kg2 Rf7 44. h3 Ke4 45. Re3+ Kf4 46. Kf2 Rh7 47. Bxa5 d4 48. Rg3 Ke4 49. Ke2 b5 50. Bb6 bxa4 51. bxa4 Kf5 52. a5 Re7 53. h4 c5 54. Kd1 Ke6 55. h5 Nc4 56. Rg5 Ne3+ 57. Kc1 Nd5 58. Kd2 Rh7 59. Rg6+ 1/2-1/2

[Event "GER-ch 68th"]
[Site "Dudweiler"]
[Date "1996.??.??"]
[Round "6"]
[White "Steinkohl, Thomas"]
[Black "Becking, Stephan"]
[Result "1-0"]
[WhiteElo "2330"]
[BlackElo "2200"]
[EventDate "1996.11.26"]
[PlyCount "45"]

1. e4 d5 2. exd5 Qxd5 3. Nc3 Qa5 4. d4 Nf6 5. Nf3 Bf5 6. Bc4 e6 7. Bd2 c6 8. Ne4 Qd8 9. Ng3 Bg6 10. h4 h6 11. Ne5 Bh7 12. Qe2 Nd5 13. Nh5 Nd7 14. Rh3 Qe7 15. Bxd5 Nxe5 16. Bb3 Nd7 17. O-O-O g6 18. Nf4 Bg7 19. Re3 Bxd4 20. Re4 e5 21. Bb4 Bc5 22. Bxc5 Qxc5 23. Bxf7+ 1-0

[Event "GER-ch 68th"]
[Site "Dudweiler"]
[Date "1996.??.??"]
[Round "6"]
[White "Wesseln, Kai"]
[Black "Schmitzer, Klaus"]
[Result "1-0"]
[WhiteElo "2320"]
[BlackElo "2325"]
[EventDate "1996.11.26"]
[PlyCount "143"]

1. d4 e6 2. Nf3 d5 3. Bf4 Be7 4. e3 f5 5. Bd3 Nf6 6. Nbd2 O-O 7. Qe2 c5 8. c3 Nc6 9. h3 Qb6 10. Rb1 c4 11. Bc2 Qa5 12. a3 Bd7 13. O-O Nd8 14. Qd1 Be8 15. Ne5 Nf7 16. f3 Nd6 17. g4 b5 18. Qe2 Qb6 19. e4 Qb7 20. exf5 exf5 21. Rbe1 Rd8 22. Rf2 a5 23. Nf1 fxg4 24. hxg4 Nh5 25. Bg3 Nf4 26. Bxf4 Rxf4 27. Rh2 h6 28. Bb1 Bf8 29. Qc2 g5 30. Ne3 b4 31. axb4 axb4 32. cxb4 Rxd4 33. Rd2 Rxd2 34. Qxd2 Nf7 35. Nxf7 Qxf7 36. Nf5 d4 37. Ba2 Ra8 38. Re7 Qd5 39. Qc2 Rxa2 40. Rxe8 Kf7 41. Rc8 Ra1+ 42. Kg2 d3 43. Qc3 Qe6 44. Rc7+ Ke8 45. Re7+ Qxe7 46. Nxe7 Bxe7 47. Qxc4 Rb1 48. Qa2 Rc1 49. Qa8+ Kf7 50. Qd5+ Kg7 51. Qxd3 Rc7 52. b5 Bf6 53. b6 Re7 54. b4 Be5 55. Qe4 Bd6 56. Qc6 Bf4 57. Qc8 Rf7 58. b7 Rf8 59. Kf2 Kg8 60. Ke2 Kg7 61. Kd3 Kf7 62. Kc4 Ke7 63. Kd5 Rd8+ 64. Ke4 Rf8 65. b5 Bb8 66. b6 Bf4 67. Qc7+ Ke6 68. Kd4 Bd6 69. Kc4 Rb8 70. Qc8+ Ke7 71. Kb5 Bf4 72. Ka6 1-0

[Event "GER-ch 68th"]
[Site "Dudweiler"]
[Date "1996.??.??"]
[Round "7"]
[White "Bangiev, Alexander J"]
[Black "Steinkohl, Thomas"]
[Result "1-0"]
[WhiteElo "2400"]
[BlackElo "2330"]
[EventDate "1996.11.26"]
[PlyCount "81"]

1. e4 e5 2. Nc3 Nc6 3. Bc4 Bc5 4. Qg4 g6 5. Qg3 Nf6 6. d3 d6 7. Nge2 Be6 8. Bg5 Nh5 9. Qh4 f6 10. Bxf6 Qxf6 11. Qxf6 Nxf6 12. Bxe6 Ke7 13. Bb3 Rhf8 14. Nd1 Nd4 15. Nxd4 Bxd4 16. c3 Bb6 17. Ke2 c6 18. f3 g5 19. Ne3 Bxe3 20. Kxe3 g4 21. Raf1 gxf3 22. Rxf3 d5 23. Rhf1 Rad8 24. h3 Rd6 25. Rf5 Re6 26. Rg5 Rf7 27. Rff5 Kd6 28. Rg8 Nxg8 29. Rxf7 Re7 30. Rf8 Rg7 31. exd5 cxd5 32. Rd8+ Kc7 33. Rxd5 Rxg2 34. Rxe5 Nf6 35. Re7+ Kb8 36. Rf7 Rg3+ 37. Kd4 Rxh3 38. Rxf6 Rh2 39. Bd5 b6 40. b4 b5 41. Rf7 1-0

[Event "GER-ch 68th"]
[Site "Dudweiler"]
[Date "1996.??.??"]
[Round "7"]
[White "Becking, Stephan"]
[Black "Enigk, Frank"]
[Result "0-1"]
[WhiteElo "2200"]
[BlackElo "2145"]
[EventDate "1996.11.26"]
[PlyCount "118"]

1. d4 d5 2. Nf3 c6 3. g3 Nf6 4. Bg2 Bg4 5. Ne5 Bh5 6. O-O Nfd7 7. Nd3 e6 8. Nf4 Bg6 9. Nxg6 hxg6 10. e4 dxe4 11. Bxe4 Nf6 12. Bg2 Bd6 13. c4 Nbd7 14. Nc3 O-O 15. Qe2 Re8 16. Rd1 Qe7 17. Bg5 e5 18. d5 c5 19. Ne4 Qf8 20. Nxd6 Qxd6 21. f3 Nh7 22. Be3 f5 23. Qd2 Nhf6 24. a3 b6 25. Re1 Rab8 26. Rad1 a6 27. Qf2 Rec8 28. b3 b5 29. Qc2 bxc4 30. bxc4 Rb6 31. Bd2 Kf7 32. Bc3 Re8 33. Re2 Rbb8 34. Rde1 Re7 35. Qa2 g5 36. Bd2 g4 37. fxg4 Nxg4 38. Bh3 Ndf6 39. Qc2 g6 40. Bg5 Ree8 41. Qc3 e4 42. Bxg4 Nxg4 43. Bf4 Ne5 44. Rxe4 fxe4 45. Rxe4 Rb1+ 46. Kg2 Qf6 47. Qc2 Qb6 48. Bxe5 Rxe5 49. Qf2+ Rf5 50. Qe3 Qb2+ 51. Kh3 Qh8+ 52. Rh4 Qc8 53. g4 Rf6 54. Rh7+ Kg8 55. Re7 Qf8 56. Re8 Rf3+ 57. Qxf3 Qxe8 58. d6 Qf7 59. Qe4 Qf1+ 0-1

[Event "GER-ch 68th"]
[Site "Dudweiler"]
[Date "1996.??.??"]
[Round "7"]
[White "Gisbrecht, Ewgeni"]
[Black "Mueller, Karsten"]
[Result "0-1"]
[WhiteElo "2370"]
[BlackElo "2490"]
[EventDate "1996.11.26"]
[PlyCount "126"]

1. Nf3 d5 2. c4 c6 3. b3 Bg4 4. e3 e5 5. h3 Bxf3 6. Qxf3 Nf6 7. Bb2 Bd6 8. Nc3 e4 9. Qd1 O-O 10. d4 Re8 11. Be2 a6 12. a4 Nbd7 13. Qc2 Bb4 14. O-O Nf8 15. Ba3 Bxa3 16. Rxa3 Qe7 17. Raa1 Ne6 18. b4 Qxb4 19. Rab1 Qe7 20. cxd5 cxd5 21. Qb3 Qd6 22. a5 Rac8 23. Na4 Rc7 24. Nb6 Nd8 25. Rfc1 Rxc1+ 26. Rxc1 Nc6 27. Rc5 Rd8 28. Qc3 h6 29. Bd1 Qe6 30. Bb3 Rd6 31. Na8 Kh7 32. Ba2 Qc8 33. Nb6 Qd8 34. Qd2 g6 35. Qe1 Kg7 36. Qd2 Nxa5 37. Nxd5 Rxd5 38. Bxd5 b6 39. Rxa5 bxa5 40. Bc4 Qb6 41. Qa2 Qc7 42. Bxa6 Ne8 43. Qc4 Qxc4 44. Bxc4 a4 45. Kf1 Nd6 46. Bd5 Nb5 47. Bxe4 Nc3 48. Bc2 a3 49. Bb3 Kf6 50. Ke1 a2 51. Bxa2 Nxa2 52. Kd2 Ke6 53. e4 Kd6 54. g3 Kc6 55. f4 Kd6 56. Ke3 Nb4 57. Kd2 f5 58. exf5 gxf5 59. Ke3 h5 60. Kf3 Ke6 61. Ke3 Nd5+ 62. Kf3 Nf6 63. Ke3 Kd5 0-1

[Event "GER-ch 68th"]
[Site "Dudweiler"]
[Date "1996.??.??"]
[Round "7"]
[White "Gross, Georg"]
[Black "Siebrecht, Sebastian"]
[Result "1-0"]
[WhiteElo "2355"]
[BlackElo "2390"]
[EventDate "1996.11.26"]
[PlyCount "77"]

1. d4 Nf6 2. Nf3 d5 3. c4 c6 4. Nc3 e6 5. g3 Nbd7 6. Bg2 Be7 7. O-O O-O 8. Qd3 Re8 9. e4 h6 10. Bf4 dxe4 11. Nxe4 Nxe4 12. Qxe4 c5 13. Rfd1 Qb6 14. Rab1 Qa6 15. d5 Nf6 16. Qc2 exd5 17. cxd5 Bd6 18. Bxd6 Qxd6 19. Rbc1 b6 20. b4 Nd7 21. Nd2 cxb4 22. Qc6 Qxc6 23. dxc6 Nc5 24. Nc4 Ba6 25. c7 Rac8 26. Nd6 Kf8 27. Bc6 Re6 28. Nxc8 Bxc8 29. Rd8+ Ke7 30. Bd5 Rd6 31. Rxc8 Kd7 32. Rd8+ Kxc7 33. Rxd6 Kxd6 34. Bxf7 a5 35. Rd1+ Ke5 36. f4+ Ke4 37. Rd6 b5 38. Rd5 Nd3 39. Rxb5 1-0

[Event "GER-ch 68th"]
[Site "Dudweiler"]
[Date "1996.??.??"]
[Round "7"]
[White "Haist, Wolfgang"]
[Black "Hennings, Artur"]
[Result "1/2-1/2"]
[WhiteElo "2260"]
[BlackElo "2340"]
[EventDate "1996.11.26"]
[PlyCount "164"]

1. e4 e5 2. Nf3 Nc6 3. Bb5 a6 4. Ba4 Nf6 5. O-O Be7 6. Re1 b5 7. Bb3 d6 8. c3 O-O 9. d4 Bg4 10. Be3 exd4 11. cxd4 Na5 12. Bc2 Nc4 13. Bc1 c5 14. b3 Nb6 15. Bb2 Re8 16. Nbd2 Nfd7 17. h3 Bh5 18. e5 cxd4 19. g4 Bg6 20. Bxg6 hxg6 21. e6 fxe6 22. Rxe6 Nf8 23. Re4 d5 24. Re1 Bf6 25. Nxd4 Rxe1+ 26. Qxe1 Qd7 27. N2f3 Re8 28. Qa5 Qb7 29. Rc1 Rc8 30. Rxc8 Nxc8 31. g5 Bxd4 32. Nxd4 Qe7 33. Qd2 Qd7 34. Nf3 Ne7 35. Qd4 Nf5 36. Qe5 Ne6 37. h4 Qd6 38. Qxd6 Nxd6 39. Kf1 Nf5 40. Be5 Nd8 41. Ke2 Nc6 42. a4 bxa4 43. bxa4 Kf7 44. Bb2 Ke6 45. Kd3 Kd6 46. Ba3+ Kc7 47. Bc5 Nd8 48. a5 Ne6 49. Bb6+ Kd6 50. Be3 Ne7 51. Bd4 Nc6 52. Bc3 Kc5 53. Bd2 d4 54. Ne1 Kd5 55. f3 Nc5+ 56. Kc2 Kc4 57. f4 d3+ 58. Kb2 Ne4 59. Nf3 Ne7 60. Ne5+ Kb5 61. Kc1 Nc5 62. Kd1 Nb3 63. Nxd3 Nxd2 64. Kxd2 Kxa5 65. Kc3 Nf5 66. Kc4 Kb6 67. Kd5 Nxh4 68. Ke6 a5 69. Kf7 a4 70. Kxg7 a3 71. Nc1 Kc5 72. Kf6 Kc4 73. Ke5 Kc3 74. Na2+ Kb3 75. Nc1+ Kc2 76. Na2 Kb2 77. Nb4 Nf5 78. Kf6 Nh4 79. Ke5 Kb1 80. Kf6 Ng2 81. f5 gxf5 82. g6 Nf4 1/2-1/2

[Event "GER-ch 68th"]
[Site "Dudweiler"]
[Date "1996.??.??"]
[Round "7"]
[White "Heidrich, Manfred"]
[Black "Bastian, Herbert"]
[Result "1-0"]
[WhiteElo "2340"]
[BlackElo "2365"]
[EventDate "1996.11.26"]
[PlyCount "107"]

1. e4 g6 2. d4 Bg7 3. Nc3 d6 4. f4 Nc6 5. Be3 Nf6 6. Be2 e5 7. fxe5 dxe5 8. d5 Nd4 9. Nf3 Ng4 10. Bg1 Nxe2 11. Qxe2 O-O 12. h3 Nf6 13. g4 Ne8 14. O-O-O Nd6 15. Bh2 Bd7 16. Rdg1 b5 17. h4 b4 18. Nb1 Qe7 19. g5 a5 20. Nbd2 a4 21. h5 c6 22. dxc6 Bxc6 23. Bg3 Rfe8 24. Rh4 Qe6 25. hxg6 fxg6 26. Qh2 Qxa2 27. Rxh7 Nf7 28. Rxg7+ Kxg7 29. Bxe5+ Rxe5 30. Nxe5 a3 31. Kd1 Qxb2 32. Nxf7 Qa1+ 33. Ke2 Bb5+ 34. c4 bxc3+ 35. Kf3 Qb2 36. Qe5+ Kxf7 37. Qd5+ Ke7 38. Qb7+ Ke6 39. Qd5+ Ke7 40. Qc5+ Kd8 41. Nc4 Qb3 42. Qb6+ Kd7 43. Qb7+ Ke6 44. Qd5+ Ke7 45. Qd6+ Ke8 46. Qxg6+ Kd8 47. Qb6+ Ke7 48. Qf6+ Ke8 49. Qe6+ Kd8 50. Rh1 c2+ 51. Kf2 Qc3 52. Qd6+ Bd7 53. Ne5 Kc8 54. Qxd7+ 1-0

[Event "GER-ch 68th"]
[Site "Dudweiler"]
[Date "1996.??.??"]
[Round "7"]
[White "Kindermann, Stefan"]
[Black "Bischoff, Klaus"]
[Result "1/2-1/2"]
[WhiteElo "2530"]
[BlackElo "2530"]
[EventDate "1996.11.26"]
[PlyCount "34"]

1. e4 e5 2. Nf3 Nc6 3. Bb5 a6 4. Ba4 Nf6 5. O-O Be7 6. Re1 b5 7. Bb3 d6 8. c3 O-O 9. d3 Na5 10. Bc2 c5 11. Nbd2 Nc6 12. Nf1 Re8 13. h3 h6 14. Ne3 Bf8 15. Nh2 Be6 16. Nhg4 Nxg4 17. hxg4 Be7 1/2-1/2

[Event "GER-ch 68th"]
[Site "Dudweiler"]
[Date "1996.??.??"]
[Round "7"]
[White "Loehn, Carsten"]
[Black "Schmitzer, Klaus"]
[Result "0-1"]
[WhiteElo "2195"]
[BlackElo "2325"]
[EventDate "1996.11.26"]
[PlyCount "88"]

1. e4 c6 2. d4 d5 3. e5 Bf5 4. Nc3 Qb6 5. a4 a5 6. Nce2 e6 7. Ng3 Bg6 8. Nf3 Nd7 9. Be2 Ne7 10. O-O h6 11. c3 Nf5 12. Nxf5 Bxf5 13. Nh4 Bh7 14. f4 Be7 15. Nf3 O-O 16. Rf2 Rfc8 17. Bd3 c5 18. Be3 Rc7 19. g4 Bxd3 20. Qxd3 Qa6 21. Qc2 Rac8 22. f5 cxd4 23. Bxd4 Bc5 24. Re1 Qb6 25. Qd2 Bxd4 26. Nxd4 Nc5 27. f6 Ne4 28. Rxe4 dxe4 29. fxg7 Kxg7 30. Qf4 Rg8 31. Qxe4 Rd7 32. Qe3 Kh7 33. Qe4+ Rg6 34. h4 Kg8 35. Kh2 Rd5 36. Qf4 Rg7 37. g5 hxg5 38. hxg5 Qc7 39. Nf3 Qc5 40. Kg3 Rd3 41. Rg2 Qd5 42. Kf2 Qb3 43. Kg3 Qd1 44. Rh2 Rxf3+ 0-1

[Event "GER-ch 68th"]
[Site "Dudweiler"]
[Date "1996.??.??"]
[Round "7"]
[White "Mainka, Romuald"]
[Black "Slobodjan, Roman"]
[Result "1/2-1/2"]
[WhiteElo "2455"]
[BlackElo "2520"]
[EventDate "1996.11.26"]
[PlyCount "100"]

1. e4 e5 2. Nf3 Nc6 3. Bb5 a6 4. Ba4 Nf6 5. Qe2 d6 6. Bxc6+ bxc6 7. d4 exd4 8. Nxd4 Bd7 9. Nc3 Be7 10. O-O O-O 11. Qf3 Rb8 12. Re1 Rb4 13. Nf5 Bxf5 14. Qxf5 Rb8 15. b3 Nd7 16. Bb2 Bf6 17. Rad1 Re8 18. f4 Re6 19. e5 dxe5 20. Ne4 Be7 21. Qg4 Qc8 22. f5 Rh6 23. g3 c5 24. Bc1 Rhb6 25. Be3 Nf6 26. Qf3 Nxe4 27. Qxe4 Bd6 28. Rd5 Qf8 29. Qc4 Rc6 30. a3 Qc8 31. g4 Qf8 32. Bd2 Kh8 33. g5 Qc8 34. Rf1 Qd7 35. g6 fxg6 36. fxg6 Qe6 37. gxh7 e4 38. Bc3 Qg4+ 39. Kh1 Qh3 40. Qe2 Bxh2 41. Bxg7+ Kxg7 42. Rh5 Qg3 43. Rxh2 Kh8 44. Qxe4 Rg6 45. Qf4 Qxf4 46. Rxf4 Rg3 47. Rhh4 Rd8 48. Rf2 Re8 49. Kh2 Rg7 50. Rf5 Re2+ 1/2-1/2

[Event "GER-ch 68th"]
[Site "Dudweiler"]
[Date "1996.??.??"]
[Round "7"]
[White "Miltner, Arndt"]
[Black "Rabiega, Robert"]
[Result "1/2-1/2"]
[WhiteElo "2330"]
[BlackElo "2475"]
[EventDate "1996.11.26"]
[PlyCount "39"]

1. d4 Nf6 2. Nf3 e6 3. Bf4 c5 4. c3 b6 5. e3 cxd4 6. cxd4 Bb4+ 7. Nbd2 O-O 8. Bd3 Be7 9. h3 Ba6 10. Bxa6 Nxa6 11. O-O d6 12. Qa4 Qc8 13. Rfc1 Qb7 14. Qb5 Rfc8 15. Nc4 Nc7 16. Qb3 Nce8 17. a4 Rc7 18. Rc2 Rac8 19. Rac1 Qd5 20. Nfd2 1/2-1/2

[Event "GER-ch 68th"]
[Site "Dudweiler"]
[Date "1996.??.??"]
[Round "7"]
[White "Movsziszian, Karen"]
[Black "Klemm, Dietmar"]
[Result "1-0"]
[WhiteElo "2470"]
[BlackElo "2220"]
[EventDate "1996.11.26"]
[PlyCount "49"]

1. d4 Nf6 2. c4 c5 3. d5 b5 4. cxb5 a6 5. e3 Bb7 6. Nc3 Qa5 7. Bd2 axb5 8. Bxb5 Qb6 9. Nge2 Nxd5 10. O-O e6 11. e4 Nxc3 12. Nxc3 Be7 13. Re1 O-O 14. Qg4 f5 15. exf5 Rxf5 16. Bd3 Rf7 17. Ne4 Nc6 18. Bc3 Nd4 19. b4 cxb4 20. Ng5 Nf3+ 21. Nxf3 Bxf3 22. gxf3 bxc3 23. Qe4 Rff8 24. Qxh7+ Kf7 25. Qh5+ 1-0